| 000 | 00911cam a2200217 4500 | ||
|---|---|---|---|
| 001 | WB3608-25 | ||
| 008 | 000000n2000 000 0 eng u | ||
| 035 | _a(Sirsi) u104383 | ||
| 245 | _aFalling foul of fair rents | ||
| 260 | _c2000 | ||
| 490 |
_aEstates Gazette _v (0007) 19 February 2000,130(1) |
||
| 520 | _aDiscusses the Rents Acts (Maximum Fair Rent) Order 1999, and the successful challenge to the order in "R v SoS for the Environment, Transport and the Regions and another, ex parte Spath Holme Ltd" | ||
| 590 | _aWB | ||
| 650 | 0 | _aRENT ACTS (MAXIMUM FAIR RENT) ORDER 1999 | |
| 650 | 0 | _aR V SOS ENVIRONMENT AND ANOTHER EX P SPATH HOLME LTD | |
| 650 | 0 | _aSPATH HOLME LTD V GREATER MANCHESTER AND LANCASHIRE RENT ASSESSMENT COMMITTEE | |
| 650 | 0 | _aCURTIS AND OTHERS V LONDON RENT ASSESSMENT COMMITTEE AND OTHERS | |
| 650 | 0 | _aFAIR RENTS | |
| 690 |
_aLandlord and tenant _96252 |
||
| 942 | _n0 | ||
| 999 |
_c62626 _d62626 |
||